000 00707nam a2200205Ii 4500
003 JO-AjNU
008 230605s9999||||xx |||||||||||||| ||und||
040 _aJO-AjNU
_bara
_erda
_cJO-AjNU
041 _aara
050 1 4 _aPJ7858.U25.2020
100 3 _aتاليف القضاة، احمد حسن,
_eauthor
_962617
245 0 0 _aابيات واشارات: الديوان الرابع والعشرون
250 _aط1
264 3 1 _aعمان: دار الجنان للنشر والتوزيع، 2020
300 _a88ص
336 _atext
_btxt
_2rdacontent
337 _aunmediated
_bn
_2rdamedia
338 _avolume
_bnc
_2rdacarrier
650 4 _aالشعر العربي-الاردن-القرن 20
_962618
999 _aA28363
_c31931
_d31931